Statistics for Five Countries with the Largest Exclusive Economic Zones by Continent

Click here to take the quiz!

General Stats

  • This quiz has been taken 231 times
  • The average score is 24 of 29

Answer Stats

ContinentSq. kmCountry% Correct
Europe6,806,000United Kingdom
97%
Oceania8,505,000Australia
95%
Africa1,535,538South Africa
95%
North America5,599,000Canada
94%
Europe11,692,000France
94%
Asia / Europe7,567,000Russia
94%
North America11,351,000United States
94%
North America3,269,000Mexico
93%
South America3,661,000Brazil
92%
South America3,682,000Chile
92%
Oceania4,084,000New Zealand
92%
South America1,159,063Argentina
91%
South America906,454Peru
90%
Asia2,305,000India
89%
Asia6,159,000Indonesia
89%
Asia4,479,000Japan
89%
Europe2,385,000Norway
87%
Oceania2,402,000Papua New Guinea
81%
South America1,077,231Ecuador
80%
Africa1,225,259Madagascar
78%
Oceania2,995,000Federated States of Micronesia
77%
Oceania3,442,000Kiribati
77%
Asia1,590,780Philippines
72%
Africa825,052Somalia
72%
North America654,715Bahamas
70%
Europe2,551,000Denmark
70%
North America574,725Costa Rica
59%
Africa1,284,997Mauritius
51%
Africa1,336,559Seychelles
51%

Score Distribution

Percentile by Number Answered

Percent of People with Each Score

Your Score History

You have not taken this quiz